000 00696nam a2200265Ia 4500
001 6141
005 20240113233904.0
007 ta
008 050624s 197 a g b000 u eng u
020 _a0-393-09071-X
040 _aCotton College,Assam
041 _aeng
082 _a821.09
_bWo 89 Pr
100 _aWordsworth, Jonathan .
245 0 _aThe Prelude /
_cJonathan Wordsworth.
_hTextual Documents
250 _a1st ed. /
260 _aNew York :
_bWW Norton & Co. ,
_cC 1979.
300 _axix, 684p. :
_bill ;
_c22cm .
504 _aBib.
653 _aEnglish poetry-Criticism
653 _aPG-English
942 _2ddc
_cBK
999 _c6128
_d6128